Southville International School and Colleges
Your cart is empty.
  • Cart
  • Lists
    Public lists Eva Luna New books Lux_list list_1
    Your lists Log in to create your own lists
  • Log in to your account
  • Your cookies
  • Search history
Southville International School and Colleges
  • Advanced search
  • Recent comments
  • Most popular
  • Libraries

Log in to your account

Log in with GOOGLE


If you do not have an external account, but do have a local account, you can still log in:

  1. Home
  2. MARC view: Psychiatric-mental health nursing
Normal view MARC view ISBD view

Psychiatric-mental health nursing (Record no. 367175)

[ view plain ]
MARC details
000 -LEADER
fixed length control field 00786nam a22002417a 4500
003 - CONTROL NUMBER IDENTIFIER
control field 0
005 - DATE AND TIME OF LATEST TRANSACTION
control field 20250211174355.0
008 - FIXED-LENGTH DATA ELEMENTS--GENERAL INFORMATION
fixed length control field 250211b xxu||||| |||| 00| 0 eng d
020 ## - INTERNATIONAL STANDARD BOOK NUMBER
International Standard Book Number 978-1-9751-7414-9
050 ## - LIBRARY OF CONGRESS CALL NUMBER
Classification number RC 440
Item number .V53 2020
100 ## - MAIN ENTRY--PERSONAL NAME
Personal name Videbeck, Sheila L.
245 ## - TITLE STATEMENT
Title Psychiatric-mental health nursing
Statement of responsibility, etc Sheila L. Videbeck
250 ## - EDITION STATEMENT
Edition statement Eighth edition
260 ## - PUBLICATION, DISTRIBUTION, ETC. (IMPRINT)
Place of publication, distribution, etc Philadelphia
Name of publisher, distributor, etc Wolters Kluwer Health
Date of publication, distribution, etc 2020
300 ## - PHYSICAL DESCRIPTION
Extent xiv, 525 pages :
Other physical details illustrations and pictures ;
Dimensions 28cm.
504 ## - BIBLIOGRAPHY, ETC. NOTE
Bibliography, etc Includes index and glossary.
650 ## - SUBJECT ADDED ENTRY--TOPICAL TERM
Topical term or geographic name as entry element Psychiatric nursing.
650 ## - SUBJECT ADDED ENTRY--TOPICAL TERM
Topical term or geographic name as entry element Mental health nursing.
650 ## - SUBJECT ADDED ENTRY--TOPICAL TERM
Topical term or geographic name as entry element Mental illness—Nursing.
650 ## - SUBJECT ADDED ENTRY--TOPICAL TERM
Topical term or geographic name as entry element Psychiatric nursing—Methods.
650 ## - SUBJECT ADDED ENTRY--TOPICAL TERM
Topical term or geographic name as entry element Psychotropic drugs—Nursing implications.
942 ## - ADDED ENTRY ELEMENTS (KOHA)
Source of classification or shelving scheme Library of Congress Classification
Koha item type Books
Holdings
Withdrawn status Lost status Source of classification or shelving scheme Damaged status Home library Current library Shelving location Date acquired Source of acquisition Sub Shelving location Total Checkouts Full call number Barcode Date last seen Price effective from Koha item type
    Library of Congress Classification   College Library College Library Reserve Section 02/11/2025 Library Fund     RC 440 .V53 2020 C24233 02/11/2025 02/11/2025 Books

Psychiatric-mental health nursing

APA

Videbeck S. L., . (2020). Psychiatric-mental health nursing. Philadelphia: Wolters Kluwer Health.

Chicago

Videbeck Sheila L, . 2020. Psychiatric-mental health nursing. Philadelphia: Wolters Kluwer Health.

Harvard

Videbeck S. L., . (2020). Psychiatric-mental health nursing. Philadelphia: Wolters Kluwer Health.

MLA

Videbeck Sheila L, . Psychiatric-mental health nursing. Philadelphia: Wolters Kluwer Health. 2020.

  • Place hold
  • Print
  • Cite
  • Add to your cart (remove)
  • Save record
    BIBTEX Dublin Core MARCXML MARC (non-Unicode/MARC-8) MARC (Unicode/UTF-8) MARC (Unicode/UTF-8, Standard) MODS (XML) RIS
  • More searches
    Search for this title in:
    Other Libraries (WorldCat) Other Databases (Google Scholar) Online Stores (Bookfinder.com) Open Library (openlibrary.org)

Exporting to Dublin Core...

SOUTHVILLE LIBRARY

Southville International School and Colleges Library

1281 Tropical Ave. Cor. Luxembourg St., BF Homes International, Las Pinas City

Tel. No. 8256374 / 252358 Loc. 117/146

Powered by Koha